[Event "Mundial Juvenil femenino 2005 s16"]
[Site "Belfort FRA"]
[Date "2005.07.29"]
[Round "10.7"]
[White "Batzaya, Yanjav"]
[Black "Corke, Anya"]
[Result "0-1"]
[WhiteElo "1908"]
[BlackElo "2223"]
[PlyCount "74"]
[EventDate "2005.07.19"]
[EventType "swiss"]
[EventRounds "11"]
[EventCountry "FRA"]
[Source "lmi"]
[SourceDate "2005.07.31"]

1. e4 c5 2. Nf3 e6 3. d4 cxd4 4. Nxd4 a6 5. Be2 Nf6 6. Nc3 Qc7 7. O-O Bb4 8.
Na4 b5 9. a3 Bd6 10. Nc3 Bxh2+ 11. Kh1 Be5 12. f4 Bxd4 13. Qxd4 Bb7 14. Be3 Nc6
15. Qb6 Qxb6 16. Bxb6 Ne7 17. Bf3 d5 18. exd5 Nfxd5 19. Bxd5 Nxd5 20. Nxd5 Bxd5
21. Rad1 Rc8 22. c3 O-O 23. Kh2 Rc6 24. Bd4 f6 25. Rd2 Rd8 26. Re1 Bc4 27. Rf2
Kf7 28. Kg3 Rcd6 29. Kg4 Rd5 30. Kf3 Rf5 31. Kg4 g5 32. g3 gxf4 33. Rxf4 Rxf4+
34. gxf4 Rg8+ 35. Kh3 Kg6 36. Kg4 h5+ 37. Kf3 Kf5 0-1

[Event "Mundial Juvenil femenino 2005 s16"]
[Site "Belfort FRA"]
[Date "2005.07.29"]
[Round "10.8"]
[White "Saheli, Nath"]
[Black "Rakic, Marija"]
[Result "1-0"]
[WhiteElo "2187"]
[BlackElo "2057"]
[PlyCount "83"]
[EventDate "2005.07.19"]
[EventType "swiss"]
[EventRounds "11"]
[EventCountry "FRA"]
[Source "lmi"]
[SourceDate "2005.07.31"]

1. Nf3 Nf6 2. b3 e6 3. Bb2 Be7 4. g3 b6 5. Bg2 Bb7 6. d3 O-O 7. e4 d5 8. e5 Ne8
9. Qe2 c5 10. O-O b5 11. Nbd2 Nc7 12. Ne1 a5 13. a4 Nc6 14. f4 bxa4 15. Rxa4
Nb5 16. Nef3 Qb6 17. Kh1 Nc7 18. g4 Bc8 19. Bh3 f5 20. gxf5 exf5 21. Rg1 Be6
22. Raa1 Rf7 23. Ng5 Bxg5 24. Rxg5 Ne7 25. Rag1 a4 26. Qh5 axb3 27. cxb3 g6 28.
Qh6 Ra2 29. Bc1 Rg7 30. Bf1 Bf7 31. R5g2 Qa7 32. Qh4 Ne6 33. Nf3 Rxg2 34. Bxg2
d4 35. Bb2 Nd5 36. Nxd4 g5 37. Nxe6 Bxe6 38. fxg5 Qa2 39. Ra1 Qxb2 40. Ra8+ Kf7
41. Qh5+ Rg6 42. Qxh7+ 1-0

[Event "Mundial Juvenil femenino 2005 s16"]
[Site "Belfort FRA"]
[Date "2005.07.29"]
[Round "10.12"]
[White "Huddleston, Heather"]
[Black "Merkulova, Irina"]
[Result "0-1"]
[WhiteElo "2027"]
[BlackElo "1599"]
[PlyCount "74"]
[EventDate "2005.07.19"]
[EventType "swiss"]
[EventRounds "11"]
[EventCountry "FRA"]
[Source "lmi"]
[SourceDate "2005.07.31"]

1. d4 Nf6 2. c4 g6 3. Nc3 Bg7 4. Nf3 d6 5. Bf4 O-O 6. h3 c6 7. e3 a6 8. a4 a5
9. Be2 Na6 10. O-O Nd7 11. Bh2 e5 12. Ne4 Qe7 13. dxe5 dxe5 14. Qd6 Qxd6 15.
Nxd6 f6 16. c5 Ndxc5 17. Bc4+ Be6 18. Bxe6+ Nxe6 19. Nxb7 Nb4 20. Nd2 Rfb8 21.
Nd6 Nc5 22. N2e4 Nbd3 23. Nxc5 Nxc5 24. Nc4 Rb4 25. Rac1 Nxa4 26. Rc2 Bf8 27.
g4 g5 28. Rd1 Nb6 29. Nd2 Rd8 30. Ra1 a4 31. f3 Rd3 32. Kf2 Nd5 33. Ne4 Kf7 34.
Ra2 Rxe4 35. fxe4 Nb4 36. Ke2 Rb3 37. Rxa4 Nxc2 0-1

[Event "Mundial Juvenil femenino 2005 s16"]
[Site "Belfort FRA"]
[Date "2005.07.29"]
[Round "10.13"]
[White "Miller, Naomi"]
[Black "Atnilov, Bela"]
[Result "1/2-1/2"]
[WhiteElo "1943"]
[BlackElo "2153"]
[PlyCount "49"]
[EventDate "2005.07.19"]
[EventType "swiss"]
[EventRounds "11"]
[EventCountry "FRA"]
[Source "lmi"]
[SourceDate "2005.07.31"]

1. e4 c5 2. c3 Nf6 3. e5 Nd5 4. d4 cxd4 5. Nf3 Nc6 6. cxd4 d6 7. Bc4 e6 8. O-O
Be7 9. Qe2 O-O 10. Nc3 Nxc3 11. bxc3 b6 12. Bd3 Bb7 13. Qe4 g6 14. exd6 Qxd6
15. Bf4 Qd5 16. Qxd5 exd5 17. Rfe1 Bf6 18. Re3 Rfe8 19. Rae1 Rxe3 20. Rxe3 Rc8
21. Bb5 Ne7 22. Bd7 Rd8 23. Bh3 Nc6 24. Bc7 Rc8 25. Bd6 1/2-1/2

[Event "Mundial Juvenil femenino 2005 s16"]
[Site "Belfort FRA"]
[Date "2005.07.29"]
[Round "10.14"]
[White "Zhorzholiani, Meri"]
[Black "Zapata, Talia"]
[Result "1-0"]
[WhiteElo "2019"]
[BlackElo "2152"]
[PlyCount "124"]
[EventDate "2005.07.19"]
[EventType "swiss"]
[EventRounds "11"]
[EventCountry "FRA"]
[Source "lmi"]
[SourceDate "2005.07.31"]

1. d4 Nf6 2. c4 c5 3. Nf3 cxd4 4. Nxd4 d6 5. Nc3 a6 6. e3 e6 7. Be2 Be7 8. O-O
O-O 9. b3 Qc7 10. Bb2 Nbd7 11. Kh1 b6 12. Rc1 Bb7 13. f3 Rac8 14. Qd2 Qb8 15.
e4 Rfd8 16. g4 h6 17. Rg1 Nh7 18. f4 Qa8 19. Bf3 Nc5 20. Rce1 Nf6 21. Qe2 d5
22. cxd5 exd5 23. e5 Nfe4 24. Rc1 Nxc3 25. Bxc3 Ne4 26. Bb2 Rc5 27. Nf5 Bf8 28.
Bd4 Rxc1 29. Rxc1 Nc5 30. b4 Ne6 31. Qd2 Nxd4 32. Qxd4 b5 33. Rc7 Rc8 34. Qb6
Rxc7 35. Qxc7 Qc8 36. Qxc8 Bxc8 37. Nd6 Bxd6 38. exd6 Kf8 39. Bxd5 Bxg4 40. Bb7
Ke8 41. Bxa6 Bf3+ 42. Kg1 Bc6 43. Bc8 Bd7 44. Bb7 Be6 45. Bc6+ Bd7 46. Bd5 Be6
47. Bc6+ Bd7 48. Bf3 Be6 49. Be2 Bd7 50. Kf2 Bc6 51. Bg4 g6 52. f5 gxf5 53.
Bxf5 Bd7 54. Bd3 Bc6 55. Bf5 Bd7 56. Be4 Be6 57. Bc6+ Bd7 58. Bd5 Be6 59. Bc6+
Bd7 60. Bf3 f5 61. Ke3 Kf7 62. Kd4 Kf6 1-0

[Event "Mundial Juvenil femenino 2005 s16"]
[Site "Belfort FRA"]
[Date "2005.07.29"]
[Round "10.15"]
[White "Robles Garcia, Claudia"]
[Black "Paganoglou, Anastasia"]
[Result "1-0"]
[WhiteElo "2144"]
[BlackElo "1948"]
[PlyCount "91"]
[EventDate "2005.07.19"]
[EventType "swiss"]
[EventRounds "11"]
[EventCountry "FRA"]
[Source "lmi"]
[SourceDate "2005.07.31"]

1. e4 c5 2. Nf3 Nc6 3. d4 cxd4 4. Nxd4 g6 5. c4 Bg7 6. Be3 d6 7. Nc3 Nf6 8. Be2
O-O 9. O-O Nd7 10. Qd2 a5 11. b3 Nxd4 12. Bxd4 Nc5 13. Rab1 Bd7 14. Rfc1 Bc6
15. f3 f5 16. exf5 Rxf5 17. Bf2 Qf8 18. Rd1 Bh6 19. Qe1 Bf4 20. a3 Bxh2+ 21.
Kxh2 Qh6+ 22. Bh4 g5 23. b4 Ne6 24. b5 Bd7 25. Nd5 Kf8 26. Ne3 Rc5 27. Ng4
Qxh4+ 28. Qxh4 gxh4 29. Bd3 Kf7 30. Ne3 Nf4 31. Be4 Rb8 32. Rd2 Be8 33. Nf5 Kf6
34. Nxh4 Rxc4 35. Bxh7 Nd5 36. g4 Nc3 37. Re1 Bxb5 38. Bd3 Rd4 39. g5+ Kxg5 40.
Rg2+ Kf6 41. Bxb5 Nxb5 42. Rg6+ Kf7 43. Rh6 Rg8 44. Rh5 d5 45. Rf5+ Kg7 46.
Rg1+ 1-0

[Event "Mundial Juvenil femenino 2005 s16"]
[Site "Belfort FRA"]
[Date "2005.07.29"]
[Round "10.16"]
[White "Van Der Merwe, Anna Margaretha"]
[Black "Gavrilova, Anastasia"]
[Result "0-1"]
[WhiteElo "2012"]
[BlackElo "2082"]
[PlyCount "30"]
[EventDate "2005.07.19"]
[EventType "swiss"]
[EventRounds "11"]
[EventCountry "FRA"]
[Source "lmi"]
[SourceDate "2005.07.31"]

1. e4 c5 2. Nc3 e6 3. f4 Nc6 4. Nf3 d6 5. Bb5 Nge7 6. O-O a6 7. Bxc6+ Nxc6 8.
d3 Be7 9. Qe1 O-O 10. Qg3 Kh8 11. e5 dxe5 12. fxe5 f6 13. exf6 Bxf6 14. Ne4 Nd4
15. Nxf6 Ne2+ 0-1

[Event "Mundial Juvenil femenino 2005 s16"]
[Site "Belfort FRA"]
[Date "2005.07.29"]
[Round "10.17"]
[White "Amed, Stephanie"]
[Black "Van Nies, Pauline"]
[Result "1-0"]
[WhiteElo "2001"]
[BlackElo "2074"]
[PlyCount "75"]
[EventDate "2005.07.19"]
[EventType "swiss"]
[EventRounds "11"]
[EventCountry "FRA"]
[Source "lmi"]
[SourceDate "2005.07.31"]

1. e4 c5 2. Nf3 d6 3. d4 cxd4 4. Nxd4 Nf6 5. Nc3 Nc6 6. Bg5 e6 7. Qd2 a6 8.
O-O-O Bd7 9. Nb3 b5 10. f3 Be7 11. h4 Ne5 12. Qf2 b4 13. Ne2 Qc7 14. Nf4 a5 15.
Nd4 Nc4 16. Bxf6 gxf6 17. Kb1 a4 18. Bxc4 Qxc4 19. b3 Qa6 20. Nd3 Qa7 21. Rhf1
Qb7 22. Qd2 Rb8 23. Qh6 Bf8 24. Qd2 Rg8 25. g4 Bg7 26. Nb2 d5 27. exd5 Qxd5 28.
Rfe1 e5 29. Qe2 Qc5 30. Nc4 Be6 31. Nxe6 fxe6 32. Qd3 Qe7 33. Qxh7 Rh8 34. Qe4
Rxh4 35. Qc6+ Kf8 36. Rd7 Qe8 37. Nd6 Rb6 38. Qc7 1-0

[Event "Mundial Juvenil femenino 2005 s16"]
[Site "Belfort FRA"]
[Date "2005.07.29"]
[Round "10.18"]
[White "Congiu, Mathilde"]
[Black "Kaniak, Monika"]
[Result "1-0"]
[WhiteElo "2046"]
[BlackElo "1926"]
[PlyCount "93"]
[EventDate "2005.07.19"]
[EventType "swiss"]
[EventRounds "11"]
[EventCountry "FRA"]
[Source "lmi"]
[SourceDate "2005.07.31"]

1. e4 e6 2. d3 d5 3. Qe2 Nf6 4. Nf3 b6 5. e5 Nfd7 6. g3 c5 7. Bg2 Nc6 8. O-O
Qc7 9. Re1 g6 10. Bf4 Bg7 11. h4 Ba6 12. c4 d4 13. Nbd2 Rb8 14. Ne4 O-O 15.
Nf6+ Kh8 16. h5 h6 17. hxg6 fxg6 18. Nh4 Ne7 19. Qe4 Qd8 20. Nxg6+ Nxg6 21.
Qxg6 Nxf6 22. exf6 Rxf6 23. Qh5 Qe8 24. Qh4 Rd8 25. Be5 Rg6 26. Be4 Rd7 27.
Bxg6 Qxg6 28. Qe4 Qxe4 29. Rxe4 Bxe5 30. Rxe5 Re7 31. Rae1 Bc8 32. f4 Kg7 33.
Kf2 Kf6 34. Rh1 Rh7 35. g4 Kg6 36. Reh5 e5 37. f5+ Kg7 38. Re1 Kf6 39. g5+ Kxf5
40. Rxe5+ Kxe5 41. g6+ Kf6 42. gxh7 Kg7 43. Rxh6 Kh8 44. Rf6 Kxh7 45. Rf7+ Kg6
46. Rxa7 Kf6 47. Rc7 1-0

[Event "Mundial Juvenil femenino 2005 s16"]
[Site "Belfort FRA"]
[Date "2005.07.29"]
[Round "10.19"]
[White "Laurens, Julia"]
[Black "Iurascu, Mihaela"]
[Result "1-0"]
[WhiteElo "2034"]
[BlackElo "1901"]
[PlyCount "67"]
[EventDate "2005.07.19"]
[EventType "swiss"]
[EventRounds "11"]
[EventCountry "FRA"]
[Source "lmi"]
[SourceDate "2005.07.31"]

1. d4 Nf6 2. c4 g6 3. Nc3 Bg7 4. e4 d6 5. Bd3 O-O 6. Nge2 e5 7. d5 Nbd7 8. Bc2
Ne8 9. O-O f5 10. exf5 gxf5 11. f4 Nc5 12. Rb1 a5 13. a3 Bd7 14. b4 axb4 15.
axb4 Na6 16. Be3 b6 17. Qd2 Qh4 18. Ng3 e4 19. Nge2 Rf6 20. Bf2 Qh5 21. Ng3 Qf7
22. Nd1 Rh6 23. Bd4 Bxd4+ 24. Qxd4 Qe7 25. Ne3 Ng7 26. Ra1 Qd8 27. Qc3 b5 28.
c5 dxc5 29. bxc5 c6 30. Bb3 Kf8 31. Nexf5 Bxf5 32. Nxf5 Nxf5 33. Qh8+ Ke7 34.
Qe5+ 1-0

[Event "Mundial Juvenil femenino 2005 s16"]
[Site "Belfort FRA"]
[Date "2005.07.29"]
[Round "10.20"]
[White "Baptista, Ana Filipa"]
[Black "De Waal, Ingrid"]
[Result "1-0"]
[WhiteElo "2025"]
[BlackElo "1599"]
[PlyCount "85"]
[EventDate "2005.07.19"]
[EventType "swiss"]
[EventRounds "11"]
[EventCountry "FRA"]
[Source "lmi"]
[SourceDate "2005.07.31"]

1. e4 e5 2. Nf3 Nc6 3. Bb5 a6 4. Ba4 Nf6 5. O-O b5 6. Bb3 Bb7 7. Re1 Bc5 8. c3
d6 9. d4 Bb6 10. Bg5 h6 11. Bh4 Qd7 12. a4 O-O 13. Na3 g5 14. Bg3 exd4 15. e5
dxe5 16. Nxe5 Nxe5 17. Bxe5 Ng4 18. Bxd4 c5 19. Bxc5 Qc6 20. Qxg4 Qxc5 21. Re3
Qc6 22. axb5 Qf6 23. Re2 axb5 24. Rae1 Rae8 25. Qg3 Rxe2 26. Rxe2 Qc6 27. Nc2
Rd8 28. Ne3 b4 29. Nf5 Bc5 30. Ne7+ Bxe7 31. Rxe7 Rf8 32. h4 bxc3 33. hxg5
Qxg2+ 34. Qxg2 Bxg2 35. bxc3 Bf3 36. g6 Bh5 37. Bxf7+ Kg7 38. Be8+ Kf6 39. Rf7+
Rxf7 40. Bxf7 Bxg6 41. Bxg6 Kxg6 42. Kg2 Kf5 43. Kg3 1-0

[Event "Mundial Juvenil femenino 2005 s16"]
[Site "Belfort FRA"]
[Date "2005.07.30"]
[Round "11.2"]
[White "Hamrakulova, Yulduz"]
[Black "Ignacz, Maria"]
[Result "1-0"]
[WhiteElo "2114"]
[BlackElo "2265"]
[PlyCount "123"]
[EventDate "2005.07.19"]
[EventType "swiss"]
[EventRounds "11"]
[EventCountry "FRA"]
[Source "lmi"]
[SourceDate "2005.07.31"]

1. d4 Nf6 2. Nf3 e6 3. e3 b6 4. Bd3 Bb7 5. Nbd2 c5 6. O-O Be7 7. b3 O-O 8. Bb2
Nc6 9. a3 Rc8 10. Qe2 Re8 11. Rac1 Bf8 12. Rfd1 cxd4 13. exd4 g6 14. Nf1 Bg7
15. Ng3 Ne7 16. c4 d5 17. Ne5 Nf5 18. c5 Rc7 19. b4 Ree7 20. a4 Nd7 21. Nxd7
Qxd7 22. Bb5 Qd8 23. Nxf5 exf5 24. Qd2 Re6 25. Bf1 Rce7 26. b5 Qf8 27. c6 Bc8
28. Ba3 Bh6 29. f4 Re4 30. g3 Bg7 31. Qc3 Qe8 32. Bxe7 Qxe7 33. Bg2 Re3 34. Rd3
Re2 35. Bf3 Re6 36. Kf2 g5 37. fxg5 Qxg5 38. Re1 Re4 39. Bxe4 fxe4 40. Rd2 h5
41. Kg2 h4 42. Rf2 h3+ 43. Kg1 Bh6 44. c7 Bg7 45. Rf4 Qg6 46. Kh1 Bh6 47. Rff1
e3 48. Rxe3 Bxe3 49. Qxe3 Be6 50. Rc1 Kh7 51. Kg1 Qg4 52. Rf1 Qg6 53. Rc1 Qg4
54. Qd3+ Kg7 55. Qd2 Kh7 56. Qe3 Kg7 57. Qf4 Qe2 58. Qe5+ Qxe5 59. dxe5 Bc8 60.
Rc6 Kf8 61. Rd6 Ke7 62. Rd8 1-0

[Event "Mundial Juvenil femenino 2005 s16"]
[Site "Belfort FRA"]
[Date "2005.07.30"]
[Round "11.3"]
[White "Mikadze, Miranda"]
[Black "Corke, Anya"]
[Result "1-0"]
[WhiteElo "2210"]
[BlackElo "2223"]
[PlyCount "38"]
[EventDate "2005.07.19"]
[EventType "swiss"]
[EventRounds "11"]
[EventCountry "FRA"]
[Source "lmi"]
[SourceDate "2005.07.31"]

1. e4 c5 2. Nf3 e6 3. d3 d6 4. g3 b6 5. Bg2 Bb7 6. Nbd2 Nf6 7. O-O Be7 8. Re1
Nbd7 9. c3 Qc7 10. d4 cxd4 11. cxd4 Rc8 12. b3 Qc2 13. Qe2 d5 14. e5 Ng8 15.
Rb1 Qxa2 16. Rb2 Qa5 17. Bf1 Bb4 18. Rd1 a6 19. Rb1 b5 1-0

[Event "Mundial Juvenil femenino 2005 s16"]
[Site "Belfort FRA"]
[Date "2005.07.30"]
[Round "11.4"]
[White "Gunina, Valentina"]
[Black "Saheli, Nath"]
[Result "1-0"]
[WhiteElo "2394"]
[BlackElo "2187"]
[PlyCount "89"]
[EventDate "2005.07.19"]
[EventType "swiss"]
[EventRounds "11"]
[EventCountry "FRA"]
[Source "lmi"]
[SourceDate "2005.07.31"]

1. d4 Nf6 2. c4 e6 3. Nf3 b6 4. g3 Ba6 5. b3 Bb4+ 6. Bd2 Be7 7. Nc3 O-O 8. Bg2
d5 9. cxd5 exd5 10. O-O c6 11. Ne5 Nfd7 12. f4 Nxe5 13. fxe5 Nd7 14. Rf2 Rc8
15. e4 c5 16. Nxd5 cxd4 17. Bh3 d3 18. Qh5 Bc5 19. Raf1 g6 20. Qh6 Nxe5 21.
Bxc8 Bxc8 22. Bc3 f6 23. b4 Bxf2+ 24. Rxf2 Ng4 25. Qf4 Nxf2 26. Kxf2 Kg7 27. g4
Be6 28. Nc7 Bxg4 29. Ke1 Rf7 30. Nb5 h5 31. Nd6 Rd7 32. Bxf6+ Qxf6 33. Ne8+ Kf7
34. Qxf6+ Kxe8 35. Kd2 Be2 36. e5 Rc7 37. Qxg6+ Kd7 38. e6+ Kd6 39. Qg3+ Kc6
40. Qe5 Kb7 41. e7 Rc2+ 42. Ke3 Bg4 43. Qd5+ Kc7 44. Kxd3 Re2 45. Qd8+ 1-0

[Event "Mundial Juvenil femenino 2005 s16"]
[Site "Belfort FRA"]
[Date "2005.07.30"]
[Round "11.5"]
[White "Gomes, Mary Ann"]
[Black "Pelletier, Katherine"]
[Result "1/2-1/2"]
[WhiteElo "2265"]
[BlackElo "2096"]
[PlyCount "75"]
[EventDate "2005.07.19"]
[EventType "swiss"]
[EventRounds "11"]
[EventCountry "FRA"]
[Source "lmi"]
[SourceDate "2005.07.31"]

1. Nf3 d5 2. c4 e6 3. g3 Nf6 4. Bg2 dxc4 5. Qa4+ Nbd7 6. Qxc4 c5 7. b3 a6 8.
Qc2 Rb8 9. Bb2 Qc7 10. O-O b5 11. d4 Bb7 12. Nbd2 Rc8 13. Rac1 Qb6 14. Qb1 Be7
15. e4 O-O 16. e5 Nd5 17. dxc5 Nxc5 18. Bd4 Qd8 19. Rfd1 Rc7 20. a3 Qc8 21.
Bxc5 Rxc5 22. Ne4 Nc3 23. Nxc3 Rxc3 24. Rxc3 Qxc3 25. Ng5 Bxg5 26. Bxb7 a5 27.
Be4 g6 28. f4 Be7 29. a4 bxa4 30. bxa4 Qe3+ 31. Kh1 Bb4 32. Qc2 Kg7 33. Bg2 Rd8
34. Bb7 Rd2 35. Rxd2 Bxd2 36. Qe4 Qf2 37. Qf3 Qe1+ 38. Kg2 1/2-1/2

[Event "Mundial Juvenil femenino 2005 s16"]
[Site "Belfort FRA"]
[Date "2005.07.30"]
[Round "11.6"]
[White "Foisor, Sabina-Francesca"]
[Black "Rysbayeva, Nazerke"]
[Result "1-0"]
[WhiteElo "2230"]
[BlackElo "1599"]
[PlyCount "67"]
[EventDate "2005.07.19"]
[EventType "swiss"]
[EventRounds "11"]
[EventCountry "FRA"]
[Source "lmi"]
[SourceDate "2005.07.31"]

1. Nf3 d5 2. g3 Bg4 3. Bg2 Nf6 4. O-O Nbd7 5. d3 e5 6. Nbd2 Be7 7. Qe1 c6 8. e4
Qc7 9. h3 Bh5 10. Nh4 dxe4 11. dxe4 O-O 12. f4 exf4 13. gxf4 Rfe8 14. Kh1 Bf8
15. Qg3 Be2 16. Rf2 Ba6 17. e5 Nd5 18. Ne4 f6 19. Nf5 Kh8 20. Ned6 g6 21. Nxe8
Rxe8 22. Ne3 N7b6 23. Bd2 Bg7 24. Bc3 Na4 25. exf6 Bxf6 26. Bxf6+ Nxf6 27. Ng4
Nxg4 28. Qxg4 Nxb2 29. f5 Qg7 30. f6 Qf7 31. Qb4 Nc4 32. Re1 Ne3 33. Qc3 Nxg2
34. Rxe8+ 1-0

[Event "Mundial Juvenil femenino 2005 s16"]
[Site "Belfort FRA"]
[Date "2005.07.30"]
[Round "11.7"]
[White "Merkulova, Irina"]
[Black "Leks, Hanna"]
[Result "0-1"]
[WhiteElo "1599"]
[BlackElo "2173"]
[PlyCount "116"]
[EventDate "2005.07.19"]
[EventType "swiss"]
[EventRounds "11"]
[EventCountry "FRA"]
[Source "lmi"]
[SourceDate "2005.07.31"]

1. e4 d6 2. d4 Nf6 3. Nc3 Nc6 4. Nf3 Bg4 5. Be3 e5 6. Be2 Bxf3 7. Bxf3 g6 8. d5
Nb8 9. O-O Bg7 10. g3 O-O 11. Bg2 Qd7 12. h3 a5 13. f4 Nh5 14. Kh2 exf4 15.
gxf4 b5 16. Bd4 Bh6 17. Ne2 Qe7 18. Qd3 b4 19. c4 Nd7 20. Rae1 Rae8 21. Qe3 f5
22. Ng3 Qh4 23. Nxh5 Qxh5 24. Qg3 fxe4 25. Bxe4 Nc5 26. Bxc5 dxc5 27. f5 Bd2
28. fxg6 Bxe1 29. gxh7+ Kh8 30. Rxe1 Qe5 31. Re2 Rf7 32. Qxe5+ Rxe5 33. Kg3
Rxh7 34. Bd3 Rxe2 35. Bxe2 Re7 36. Kf3 Kg7 37. a3 bxa3 38. bxa3 Re8 39. Bd1 Re1
40. Bc2 Rc1 41. Bd3 Rc3 42. Ke3 Rxa3 43. Kd2 Rb3 44. h4 a4 45. Bc2 Rb4 46. Kc3
Kh6 47. Bd1 a3 48. Bb3 Kh5 49. Kc2 Kxh4 50. Kc3 Kg3 51. Kc2 Kf4 52. Kc3 Ke3 53.
Ba2 Rb2 54. Bb3 Rd2 55. d6 cxd6 56. Bc2 a2 57. Kb2 Rxc2+ 58. Ka1 Rxc4 0-1

[Event "Mundial Juvenil femenino 2005 s16"]
[Site "Belfort FRA"]
[Date "2005.07.30"]
[Round "11.8"]
[White "Benmesbah, Natacha"]
[Black "Darbinian, Nune"]
[Result "1/2-1/2"]
[WhiteElo "2127"]
[BlackElo "2072"]
[PlyCount "97"]
[EventDate "2005.07.19"]
[EventType "swiss"]
[EventRounds "11"]
[EventCountry "FRA"]
[Source "lmi"]
[SourceDate "2005.07.31"]

1. e4 c6 2. c4 d5 3. exd5 cxd5 4. cxd5 Nf6 5. Qa4+ Nbd7 6. Nc3 g6 7. Nf3 Bg7 8.
Bc4 O-O 9. d3 a6 10. Qa3 Re8 11. O-O Bf8 12. Ne4 e6 13. d6 Rb8 14. Qc3 b5 15.
Bb3 Bg7 16. Qd2 Bb7 17. Re1 Nb6 18. Qe2 Nfd5 19. d4 f5 20. Nc5 Qxd6 21. Bd2 Nd7
22. Rac1 Ba8 23. Ne5 Nf8 24. Rc2 Nf6 25. Nf3 Bd5 26. h3 Rbc8 27. Rec1 N8d7 28.
Bxd5 exd5 29. Qd3 Nb8 30. a3 Qb6 31. Bf4 Qa7 32. Ne5 Bf8 33. Ncd7 Nbxd7 34.
Rxc8 Rxc8 35. Rxc8 Nb6 36. Nc6 Qd7 37. Rc7 Qe6 38. Ne5 Nc4 39. Rc6 Nxe5 40.
dxe5 Qxc6 41. exf6 Qxf6 42. Qxd5+ Qf7 43. Qc6 Qc4 44. Qxc4+ bxc4 45. Be5 Kf7
46. Kf1 Ke6 47. Bc3 Kd5 48. Ke2 Bh6 49. Bf6 1/2-1/2

[Event "Mundial Juvenil femenino 2005 s16"]
[Site "Belfort FRA"]
[Date "2005.07.30"]
[Round "11.9"]
[White "Kozjukova, Olga"]
[Black "Umudova, Nargiz"]
[Result "1-0"]
[WhiteElo "1986"]
[BlackElo "2121"]
[PlyCount "81"]
[EventDate "2005.07.19"]
[EventType "swiss"]
[EventRounds "11"]
[EventCountry "FRA"]
[Source "lmi"]
[SourceDate "2005.07.31"]

1. e4 c5 2. Nf3 Nc6 3. Bb5 Nf6 4. Bxc6 bxc6 5. e5 Nd5 6. d3 g6 7. O-O Bg7 8.
Re1 O-O 9. Nbd2 d6 10. Nc4 Nb6 11. Bf4 Nxc4 12. dxc4 d5 13. Qd2 Ba6 14. cxd5
cxd5 15. e6 Bxb2 16. Rad1 d4 17. Be5 fxe6 18. Qh6 Rf7 19. Ng5 Qf8 20. Nxf7 Qxf7
21. Re4 Qf8 22. Qh4 h5 23. Rf4 Qe8 24. g4 Be2 25. Re1 d3 26. Bxb2 d2 27. f3 Rd8
28. Kg2 dxe1=Q 29. Qxe1 Qb5 30. Bc3 Rd1 31. Qh4 Bf1+ 32. Kg3 Qe8 33. gxh5 e5
34. Bxe5 Ba6 35. h3 Rg1+ 36. Kh2 g5 37. Qf2 Rc1 38. Qd2 Rf1 39. Rg4 Kf7 40.
Rxg5 Rxf3 41. Qd5+ 1-0

[Event "Mundial Juvenil femenino 2005 s16"]
[Site "Belfort FRA"]
[Date "2005.07.30"]
[Round "11.10"]
[White "Baptista, Ana Filipa"]
[Black "Robles Garcia, Claudia"]
[Result "1/2-1/2"]
[WhiteElo "2025"]
[BlackElo "2144"]
[PlyCount "51"]
[EventDate "2005.07.19"]
[EventType "swiss"]
[EventRounds "11"]
[EventCountry "FRA"]
[Source "lmi"]
[SourceDate "2005.07.31"]

1. e4 d6 2. d4 Nf6 3. Nc3 g6 4. Bc4 Bg7 5. Nf3 O-O 6. h3 c6 7. Qe2 b5 8. Bd3 a6
9. O-O Bb7 10. Bg5 c5 11. dxc5 dxc5 12. e5 Nd5 13. Nxd5 Bxd5 14. Rad1 Ra7 15.
Rfe1 Qb6 16. c4 Bc6 17. b3 b4 18. Be4 a5 19. Bxc6 Qxc6 20. Rd5 a4 21. Qe3 Na6
22. Red1 f6 23. exf6 exf6 24. Bh6 Re8 25. Qf4 g5 26. Qf5 1/2-1/2

[Event "Mundial Juvenil femenino 2005 s18"]
[Site "Belfort FRA"]
[Date "2005.07.19"]
[Round "1.2"]
[White "Batkhuyag, Munguntuul"]
[Black "Bayaraa, Zorigt"]
[Result "1-0"]
[WhiteElo "2391"]
[BlackElo "2061"]
[PlyCount "77"]
[EventDate "2005.07.19"]
[EventType "swiss"]
[EventRounds "11"]
[EventCountry "FRA"]
[Source "lmi"]
[SourceDate "2005.07.31"]

1. e4 c5 2. Nf3 d6 3. d4 cxd4 4. Nxd4 Nf6 5. Nc3 g6 6. Be3 Bg7 7. f3 O-O 8. Qd2
Nc6 9. O-O-O d5 10. exd5 Nxd5 11. Nxc6 bxc6 12. Nxd5 cxd5 13. Qxd5 Qc7 14. Qc5
Qb8 15. Qa3 Be6 16. Ba6 Qe5 17. g3 Rfd8 18. Bf4 Qf6 19. Rhe1 Bd5 20. Bc7 Rd7
21. Bb7 Rxc7 22. Bxa8 Bxa8 23. Rd8+ Bf8 24. Rxa8 Qc6 25. Qc3 Qxa8 26. Qxc7 Qxf3
27. Qxa7 Qd5 28. Kb1 e5 29. a3 h5 30. Qb8 Qd2 31. Qxe5 Qxh2 32. Qf4 Qg2 33. a4
Qb7 34. Re8 Qh1+ 35. Qc1 Qc6 36. Qe3 Qh1+ 37. Ka2 Qd5+ 38. Qb3 Qd7 39. Qb8 1-0

[Event "Mundial Juvenil femenino 2005 s18"]
[Site "Belfort FRA"]
[Date "2005.07.19"]
[Round "1.3"]
[White "Franco, Beatriz"]
[Black "Kovanova, Baira"]
[Result "0-1"]
[WhiteElo "2054"]
[BlackElo "2321"]
[PlyCount "54"]
[EventDate "2005.07.19"]
[EventType "swiss"]
[EventRounds "11"]
[EventCountry "FRA"]
[Source "lmi"]
[SourceDate "2005.07.31"]

1. e4 e5 2. Nf3 Nc6 3. Bb5 Nge7 4. d4 exd4 5. Nxd4 g6 6. c3 Bg7 7. Be3 O-O 8.
O-O a6 9. Ba4 b5 10. Bc2 Bb7 11. f4 d5 12. e5 Nxd4 13. cxd4 f6 14. Nd2 fxe5 15.
fxe5 c5 16. Nf3 cxd4 17. Bxd4 Nc6 18. Qd2 Rc8 19. Bb3 Rf5 20. Rae1 a5 21. Bc3
b4 22. Bd4 Kh8 23. Bc2 Nxd4 24. Nxd4 Rxe5 25. Rxe5 Bxe5 26. Rf7 Qb6 27. Bxg6
Qxd4+ 0-1

[Event "Mundial Juvenil femenino 2005 s18"]
[Site "Belfort FRA"]
[Date "2005.07.19"]
[Round "1.5"]
[White "Berke, Ana"]
[Black "Melia, Salome"]
[Result "0-1"]
[WhiteElo "2037"]
[BlackElo "2305"]
[PlyCount "68"]
[EventDate "2005.07.19"]
[EventType "swiss"]
[EventRounds "11"]
[EventCountry "FRA"]
[Source "lmi"]
[SourceDate "2005.07.31"]

1. e4 c6 2. d4 d5 3. Nd2 dxe4 4. Nxe4 Bf5 5. Nc5 Qc7 6. Nf3 e6 7. Nb3 Nf6 8. g3
Bd6 9. Bg2 Nbd7 10. O-O O-O 11. c4 h6 12. Qe2 Rfe8 13. Nh4 Bh7 14. f4 c5 15.
Kh1 Rac8 16. f5 cxd4 17. Nxd4 Qxc4 18. Qxc4 Rxc4 19. fxe6 fxe6 20. Nb5 Bb8 21.
Bxb7 Rb4 22. a4 a6 23. Bd2 Rxb2 24. Bc3 Rb3 25. Bxf6 Nxf6 26. Bxa6 Be4+ 27. Kg1
Ng4 28. Rae1 Bd5 29. Rb1 Bxg3 30. Ng2 Bxh2+ 31. Kh1 Rg3 32. Rb2 Rh3 33. Rfb1
Bd6+ 34. Kg1 Bc5+ 0-1